|
|
|
|
| LEADER |
01196nam a2200253 a 4500 |
| 001 |
2163972 |
| 008 |
091221s1998 enka b 001 0 eng d |
| 010 |
|
|
|a gb 98009255
|
| 020 |
|
|
|a 1853394203 (pbk)
|
| 040 |
|
|
|a UKM
|c UKM
|d BD-DhAAL
|
| 082 |
0 |
0 |
|a 330.91724
|2 21
|
| 245 |
0 |
0 |
|a Who changes? :
|b institutionalizing participation in development /
|c edited by James Blackburn with Jeremy Holland ; with a foreword by Robert Chambers.
|
| 260 |
|
|
|a London :
|b Intermediate Technology,
|c 1998.
|
| 300 |
|
|
|a xvi, 199 p. :
|b ill. ;
|c 23 cm.
|
| 504 |
|
|
|a Includes bibliographical references and index.
|
| 541 |
1 |
|
|e 00010827
|
| 651 |
|
0 |
|a Developing countries
|x Economic policy.
|
| 650 |
|
0 |
|a Social participation.
|
| 700 |
1 |
|
|a Blackburn, James.
|
| 700 |
1 |
|
|a Holland, Jeremy,
|d 1966-
|
| 852 |
4 |
|
|a Ayesha Abed Library
|j General Shelf.
|
| 999 |
|
|
|c 6314
|d 6314
|
| 952 |
|
|
|0 0
|1 0
|2 ddc
|4 0
|6 330_917240000000000_WHO_1998
|7 0
|9 6363
|a BRACUL
|b BRACUL
|c GEN
|d 2009-12-23
|g 0.00
|l 0
|o 330.91724 WHO
|p 3010010827
|r 2009-12-23
|t 1
|w 2009-12-23
|y BK
|x No price found in the accession register.
|
| 952 |
|
|
|0 0
|1 0
|2 ddc
|4 0
|6 330_917240000000000_WHO
|7 0
|9 43156
|a SCL
|b SCL
|c GEN
|d 2004-03-13
|l 0
|o 330.91724 WHO
|p 3020004631
|r 2014-07-15
|t 2
|w 2014-07-15
|y BK
|